Donglai Lü tai shi Chun qiu Zuo zhuan lei bian /

Saved in:
Bibliographic Details
Main Author: Lü, Zuqian, 1137-1181.
Format: Book
Language:Chinese
Published: Shanghai : Shang wu yin shu guan, min guo 23 [1934]
Edition:Chu ban.
Series:Si bu cong kan xu bian
Subjects:
Tags: Add Tag
No Tags, Be the first to tag this record!
LEADER 01510cam a2200385ua 4500
001 007719940-5
005 20024617110316.0
008 940404s1934 cc 000 0 chi d
035 0 |a ocm30083522 
040 |a MdU  |c MdU  |d *YNH*  |d CStRLIN 
100 1 |6 880-01  |a Lü, Zuqian,  |d 1137-1181. 
245 1 0 |6 880-02  |a Donglai Lü tai shi Chun qiu Zuo zhuan lei bian /  |c [Lü Zuqian zhuan]. 
250 |6 880-03  |a Chu ban. 
260 |6 880-04  |a Shanghai :  |b Shang wu yin shu guan,  |c min guo 23 [1934] 
300 |a 3 v. (double leaves) in case ;  |c 20 cm. 
490 0 |6 880-05  |a Si bu cong kan xu bian 
500 |6 880-06  |a Running title: Zuo zhuan lei bian. 
500 |6 880-07  |a Colophon title: Chun qiu Zuo zhuan lei bian. 
500 |6 880-08  |a Ying yin Tie qin tong jian lou jiu chao ben. 
600 1 0 |6 880-09  |a Zuoqiu, Ming.  |t Zuo zhuan. 
740 0 |6 880-10  |a Zuo zhuan lei bian. 
740 0 |6 880-11  |a Chun qiu Zuo zhuan lei bian. 
880 1 |6 100-01  |a 呂祖謙,  |d 1137-1181. 
880 1 0 |6 245-02  |a 東萊吕太史春秋左傳類編 /  |c [呂祖謙撰]. 
880 |6 250-03  |a 初版. 
880 |6 260-04  |a 上海 :  |b 商務印書館,  |c 民國23 [1934] 
880 0 |6 490-05  |a 四部叢刊續編 
880 |6 500-06  |a Running title: 左傳類編. 
880 |6 500-07  |a Colophon title: 春秋左傳類編. 
880 |6 500-08  |a 影印鐵琴銅劔楼舊鈔夲. 
880 1 0 |6 600-09  |a 左丘明.  |t 左傳. 
880 0 |6 740-10  |a 左傳類編. 
880 0 |6 740-11  |a 春秋左傳類編. 
988 |a 20021105 
906 |0 OCLC